000 00357nam a2200157 i 4500
001 bg
100 1 _aCHWIEJ, Mieczysław
245 0 _aWstęp do maszynoznawstwa /
_cM. Chwiej.
250 _aWyd.3.
260 _aWarszawa,
_c1969.
040 _cBPK
041 _apol
080 _a621(075.8)
942 _cKS
008 s pl f |000 0 pol
999 _c10507
_d10507
856 _uhttp://koha.tu.koszalin.pl/cgi-bin/koha/opac-detail.pl?biblionumber=10507
_yKatalog online BPK